000 00776nam a2200217Ii 4500
003 JO-AjNU
008 230605s9999||||xx |||||||||||||| ||und||
040 _aJO-AjNU
_bara
_erda
_cJO-AjNU
041 _aara
050 1 4 _aZ689.S522 1985
100 3 _aخليفة ،شعبان عبد العزيز ,
_eauthor
_99618
245 0 0 _aتزويد المكتبات بالمطبوعات اسسه النظريه واجراءته العملية
250 _aط3
264 3 1 _aالقاهرة : دار المريخ ،1985
300 _a263ص
336 _atext
_btxt
_2rdacontent
337 _aunmediated
_bn
_2rdamedia
338 _avolume
_bnc
_2rdacarrier
490 0 _aعلم المكتبات والمعلومات المعاصر
650 4 _aالمكتبات-التزويد
_99619
999 _aA1393
_c4961
_d4961